000 01423cam a2200409Ia 4500
001 sjds170091
003 sjds
005 20170624114117.0
008 170624b mx||||| |||| 00| 0 spa d
020 _a9789681906610 (pbk.)
020 _a9681906616 (pbk.)
040 _csjds
041 1 _aspa
_heng
099 _f2012
999 _c17709
_d17709
999 _bESPANOL PICTURE BOOKS JOYCE 2012
100 1 _aJoyce, William,
_d1957-
_eauthor.
240 1 0 _aMan in the Moon.
_lSpanish
245 1 3 _aEl Hombre de la Luna /
_cWilliam Joyce ; [traducción de Olga Abasolo]
260 _aMexico :
_bAlfaguara,
_c1999.
300 _a1 volume (unpaged) :
_bcolor illustrations ;
_c20 cm.
336 _atext
_btxt
_2rdacontent
337 _aunmediated
_bn
_2rdamedia
338 _avolume
_bnc
_2rdacarrier
520 _aWhen a newly orphaned baby in the moon makes friends with the children of Earth, he seeks a way to ward off their fears and nightmares.
521 1 _adesde 6 años
546 _aIn Spanish.
650 0 _aImaginary wars and battles
_vJuvenile fiction.
650 0 _aGood and evil
_vJuvenile fiction.
650 0 _aSpanish language materials.
650 7 _aGuerras imaginarias
_vNovela juvenil.
_2bidex
650 7 _aBien y mal
_vNovela juvenil.
_2bidex
651 0 _aMoon
_vJuvenile fiction.
651 7 _aLuna
_vNovela juvenil.
_2bidex
655 0 _aPicture books for children.
700 1 _aAbasolo, Olga.
942 _cBK